| 000 | 01284nam a2200313 i 4500 | ||
|---|---|---|---|
| 003 | DO-SdBNP | ||
| 005 | 20231206093607.0 | ||
| 006 | a||||br|||| 00| 0 | ||
| 007 | ta | ||
| 008 | 230906e2002 dr aoc|| |||| 00| 0 spa d | ||
| 040 |
_aDO-SdBNP _bspa _cBNPHU _erda |
||
| 082 | 4 |
_222 _bC684p |
|
| 100 | 1 |
_aColbert, Vicky, _937258 _eautor |
|
| 245 | 1 | 0 |
_aProyecto escuela multigrado innovada (EMI): _bsíntesis de la evaluación formativa. / _cVicky Colbert, Manuel Rojas, Ana Rodríguez, Martha Rodríguez, Patricia Rodríguez, Tahína Vargas. / |
| 246 | 1 | 3 |
_aProyecto escuela multigrado innovada (EMI): _buna opción a favor de la niñez del campo. |
| 264 | 1 |
_aSanto Domingo : _bSecretaría de Estado de Educación, _bFondo de las Naciones Unidas para la Infancia, _c2002 |
|
| 300 |
_a34 páginas : _bIlustraciones, fotografías, retratos ; _c27 cm |
||
| 336 |
_2rdacontent _atexto _btxt |
||
| 337 |
_2rdamedia _asin mediación _bn |
||
| 338 |
_2rdacarrier _avolumen _bnc |
||
| 590 | _aInventariado 2023 / MF | ||
| 700 | 1 |
_aRojas, Manuel _937259 _eautor |
|
| 700 | 1 |
_aRodríguez, Ana, _937260 _eautora |
|
| 700 | 1 |
_aRodríguez, Martha, _937261 _eautora |
|
| 700 | 1 |
_aRodríguez, Patricia, _937262 _eautora |
|
| 700 | 1 |
_aVargas, Tahína _eautora _984073 |
|
| 910 | _aMF | ||
| 942 |
_2ddc _cLBS1 |
||
| 999 |
_c54644 _d54644 |
||